Sports Quiz

Random Sports Quiz

Dallas Cowboys Pro Bowlers (1999-Pres) Quiz Stats

 Plays Quiz not verified by Sporcle

Also try: MLB Teams
Challenge
Share
Tweet
Embed
Score 0/103 Timer 08:00
0 Plays Today
% Correct
Tony Romo
96.1%
Tony Romo
96.1%
Tony Romo
96.1%
Jason Witten
95.7%
Jason Witten
95.7%
Jason Witten
95.7%
Jason Witten
95.7%
Jason Witten
95.7%
Jason Witten
95.7%
Jason Witten
95.7%
Jason Witten
95.7%
DeMarcus Ware
94.9%
DeMarcus Ware
94.9%
DeMarcus Ware
94.9%
DeMarcus Ware
94.9%
DeMarcus Ware
94.9%
DeMarcus Ware
94.9%
Demarcus Ware
94.9%
Jason Witten
94.6%
Emmitt Smith
94.1%
Tony Romo
93.4%
Jason Witten
93.1%
Dez Bryant
93%
Dez Bryant
92.6%
Tyron Smith
92.6%
Tyron Smith
91.8%
Tyron Smith
91%
DeMarco Murray
90.4%
DeMarco Murray
89.7%
Tyron Smith
88.9%
Dez Bryant
88.2%
Sean Lee
88%
Travis Frederick
87.4%
Sean Lee
87%
Travis Frederick
86.4%
% Correct
Zack Martin
85.6%
Zack Martin
85.3%
Dak Prescott
85.2%
Zack Martin
85.2%
Miles Austin
84.7%
Miles Austin
84.7%
Dan Bailey
84.7%
Ezekiel Elliott
84%
Travis Frederick
83.8%
Terrell Owens
82.4%
Roy Williams
81.2%
Roy Williams
81.2%
Roy Williams
81.2%
Roy Williams
81.2%
Erik Williams
80.4%
Marion Barber III
79.6%
Larry Allen
77.6%
Larry Allen
77.6%
Larry Allen
77.6%
Larry Allen
77.6%
Larry Allen
77.6%
Terence Newman
75.7%
Terence Newman
75.7%
Tyron Smith
74.3%
Zack Martin
74.3%
Travis Frederick
74.3%
Jason Witten
72.7%
DeMarcus Lawrence
71.4%
Jay Ratliff
67.1%
Jay Ratliff
67.1%
Jay Ratliff
67.1%
Jay Ratliff
67.1%
Flozell Adams
60%
Flozell Adams
60%
Flozell Adams
60%
% Correct
Andre Gurode
60%
Flozell Adams
60%
Andre Gurode
60%
Flozell Adams
60%
Andre Gurode
60%
Andre Gurode
60%
Andre Gurode
60%
Anthony Spencer
59.6%
Deion Sanders
56.9%
Nick Folk
54.5%
La'Roi Glover
53.7%
La'Roi Glover
53.7%
La'Roi Glover
53.7%
La'Roi Glover
53.7%
Mike Jenkins
49.4%
Leonard Davis
46.3%
Leonard Davis
46.3%
Leonard Davis
46.3%
Mat McBriar
45.9%
Mat McBriar
45.9%
Jason Hatcher
44.6%
Greg Ellis
42%
Dexter Coakley
37.3%
Dexter Coakley
37.3%
Dexter Coakley
37.3%
Dexter Coakley
37.3%
Ken Hamlin
32.9%
L.P. Ladouceur
32.3%
Ezekiel Elliott
0%
Tyron Smith
0%
Zack Martin
0%
DeMarcus Lawrence
0%
Byron Jones
0%

You're not logged in!

Compare scores with friends on all Sporcle quizzes.
OR
Log In

You Might Also Like...

Show Comments

Extras

Top Quizzes Today


Score Distribution

Your Account Isn't Verified!

In order to create a playlist on Sporcle, you need to verify the email address you used during registration. Go to your Sporcle Settings to finish the process.

Report this User

Report this user for behavior that violates our Community Guidelines.

Details: